000 00230nam a22000857a 4500
008 161219b xxu||||| |||| 00| 0 eng d
100 _92137
_aTruyblaini M
245 _aLittle Natalochka and the silver Fish
260 _aDnipro
_bKiev
_c1988
999 _c5017
_d5017